[Event "FRA-ch Blitz Online Qual"]
[Site "Europe Echecs INT"]
[Date "2020.05.16"]
[Round "8"]
[White "Kollar, Guillaume"]
[Black "Quartararo, Pierre"]
[Result "0-1"]
[WhiteElo "1439"]
[BlackElo "1909"]
[PlyCount "54"]
[EventDate "2020.05.16"]
[EventType "swiss (blitz)"]
[EventRounds "15"]
[EventCountry "FRA"]
[SourceTitle "CBM 196 Extra"]
[Source "ChessBase"]
[SourceDate "2020.07.31"]
[SourceVersion "1"]
[SourceVersionDate "2020.07.31"]
[SourceQuality "1"]

1. e4 c5 2. Nf3 d6 3. d4 cxd4 4. Nxd4 Nf6 5. Nc3 a6 6. f3 Qc7 7. Be3 e5 8. Nb3 Be7 9. Bd3 Be6 10. 0-0 0-0 11. Na4 Nbd7 12. Qd2 b5 13. Nc3 Rac8 14. a3 Nc5 15. Nxc5 dxc5 16. Rfd1 Rfd8 17. Qe2 c4 18. Nd5 Bxd5 19. exd5 cxd3 20. Rxd3 Rxd5 21. Rc3 Bc5 22. f4 exf4 23. Bxc5 Rxc5 24. Rxc5 Qxc5+ 25. Kh1 Qxc2 26. Qf1 Nd5 27. Rd1 Ne3 0-1

[Event "FRA-ch Blitz Online Qual"]
[Site "Europe Echecs INT"]
[Date "2020.05.16"]
[Round "13"]
[White "Quartararo, Pierre"]
[Black "Ben Mohamed, Kader"]
[Result "1-0"]
[WhiteElo "1909"]
[BlackElo "1591"]
[PlyCount "145"]
[EventDate "2020.05.16"]
[EventType "swiss (blitz)"]
[EventRounds "15"]
[EventCountry "FRA"]
[SourceTitle "CBM 196 Extra"]
[Source "ChessBase"]
[SourceDate "2020.07.31"]
[SourceVersion "1"]
[SourceVersionDate "2020.07.31"]
[SourceQuality "1"]

1. d4 Nf6 2. c4 e5 3. dxe5 Ng4 4. Nf3 Nc6 5. Bf4 Bb4+ 6. Nc3 Bxc3+ 7. bxc3 Qe7 8. Qd5 f6 9. exf6 Nxf6 10. Qd3 d6 11. Nd4 Bd7 12. e3 0-0 13. Be2 Rae8 14. 0-0 Qf7 15. Nb5 Bg4 16. Bxg4 Nxg4 17. Bg3 Nge5 18. Qd5 Qxd5 19. cxd5 Rf7 20. dxc6 Nxc6 21. Nd4 Nxd4 22. cxd4 d5 23. Rfc1 c6 24. Rab1 a6 25. Rb6 Ref8 26. Rcb1 h5 27. h4 g5 28. Rxb7 Rxb7 29. Rxb7 gxh4 30. Bxh4 Rc8 31. Be7 a5 32. Bc5 h4 33. Rb6 a4 34. Kf1 Rc7 35. Bd6 Rc8 36. Bc5 Kf7 37. a3 Kg6 38. Ke2 Kf5 39. Rb7 Rg8 40. Rf7+ Ke6 41. Re7+ Kf6 42. Kf3 h3 43. gxh3 Rf8 44. Ke2 Rh8 45. Rc7 Rxh3 46. Rxc6+ Kf7 47. Ra6 Ke8 48. Rxa4 Kd7 49. Ra7+ Kc6 50. a4 Rh8 51. a5 Rb8 52. a6 Rb2+ 53. Kf3 Rb8 54. Rf7 Rh8 55. a7 Rh3+ 56. Ke2 Rh8 57. Rf6+ Kb7 58. Rd6 Ra8 59. Rd7+ Kc8 60. Rxd5 Kc7 61. f4 Kc6 62. Rd6+ Kc7 63. f5 Re8 64. Ra6 Ra8 65. f6 Rf8 66. Bxf8 Kb7 67. Rd6 Kxa7 68. f7 Kb7 69. Be7 Kc7 70. f8Q Kb7 71. Qd8 Ka7 72. Qb6+ Ka8 73. Rd8# 1-0

[Event "FRA-ch Blitz Online Qual"]
[Site "Europe Echecs INT"]
[Date "2020.05.16"]
[Round "3"]
[White "Quartararo, Pierre"]
[Black "Mareau, Timothe"]
[Result "0-1"]
[WhiteElo "1909"]
[BlackElo "1642"]
[PlyCount "72"]
[EventDate "2020.05.16"]
[EventType "swiss (blitz)"]
[EventRounds "15"]
[EventCountry "FRA"]
[SourceTitle "CBM 196 Extra"]
[Source "ChessBase"]
[SourceDate "2020.07.31"]
[SourceVersion "1"]
[SourceVersionDate "2020.07.31"]
[SourceQuality "1"]

1. d4 e6 2. c4 b6 3. Nf3 Bb7 4. g3 Bb4+ 5. Bd2 Bxd2+ 6. Qxd2 f5 7. Bg2 Nf6 8. 0-0 0-0 9. Nc3 Qe7 10. d5 e5 11. Rfd1 d6 12. b4 h6 13. Rac1 Nbd7 14. Nb5 Nb8 15. Qc2 Bc8 16. c5 Ba6 17. cxd6 cxd6 18. Nc7 Bb7 19. Nxa8 Bxa8 20. Qc7 Nbd7 21. Qxa7 g5 22. Rc7 f4 23. Ne1 h5 24. gxf4 gxf4 25. Bh3 Rd8 26. Be6+ Kh8 27. Kh1 Qxe6 28. f3 Bxd5 29. Nd3 Ra8 30. Rc8+ Rxc8 31. Qa4 Qg4 32. Rg1 Bxf3+ 33. exf3 Qxf3+ 34. Rg2 Qxd3 35. Qb3 Rc1+ 36. Rg1 Qe4+ 0-1

[Event "Montecatini Terme op 8th"]
[Site "Montecatini Terme"]
[Date "1999.08.01"]
[Round "2"]
[White "Quartararo, Pierre"]
[Black "Calzetta Ruiz, Monica"]
[Result "0-1"]
[WhiteElo "2077"]
[BlackElo "2194"]
[PlyCount "70"]
[EventDate "1999.07.31"]
[EventType "swiss"]
[EventRounds "9"]
[EventCountry "ITA"]
[SourceTitle "EXT 2000"]
[Source "ChessBase"]
[SourceDate "1999.11.16"]
[SourceVersion "1"]
[SourceVersionDate "1999.11.16"]
[SourceQuality "1"]

1. d4 Nf6 2. c4 c5 3. d5 b5 4. cxb5 a6 5. b6 e6 6. Nc3 Nxd5 7. Nxd5 exd5 8. Qxd5 Nc6 9. Nf3 Rb8 10. Ne5 Qf6 11. Nxc6 dxc6 12. Qf3 Be7 13. e3 Rxb6 14. Bc4 0-0 15. Qe2 Bd6 16. 0-0 a5 17. a4 Rb4 18. f4 Bf5 19. Ra3 Re8 20. b3 Rb7 21. Ra2 Rbe7 22. Qe1 Bc7 23. h3 h5 24. Re2 Qg6 25. Rf3 Qh6 26. Bb2 h4 27. Qc3 Be4 28. Rf1 Rd7 29. Rfe1 Red8 30. Rf2 Qg6 31. Bf1 Bd5 32. Bc4 Bd6 33. Bf1 Qg3 34. Bc4 Be4 35. Bxf7+ Kxf7 0-1